Statistiques concernant Dates - la Guerre froide

Cliquez ici pour prendre le quiz!

Statistiques générales

  • Ce quiz a été pris 260 fois
    (230 depuis la dernière actualisation)
  • Le résultat moyen est 25 sur 72

Statistiques - réponses

ÉvénementDate% Correct
Crise de Cuba (année)1962
73%
Election de Valéry Giscard d'Estaing en France (année)1974
66%
Crise du canal de Suez (année)1956
61%
Débarquement de la baie des cochons (année)1961
61%
Guerre de Corée (années)1950-1953
59%
Lancement de Spoutnik (année)1957
55%
Premier Homme dans l'espace (année)1961
55%
Pacte de Varsovie (année)1955
54%
1er choc pétrolier (année)1973
54%
Création de l'OTAN (année(s), deux dates possibles)1949/1950
53%
Proclamation de la République Démocratique Allemande (RDA) (année)1949
50%
Arrivée de Gorbatchev au pouvoir (année)1985
50%
Chute du mur de Berlin (jour, mois et année)9 novembre 1989
48%
Proclamation de la République Fédérale d'Allemagne (RFA) (année)1949
45%
Pacte de Bagdad (année)1955
45%
Prise de pouvoir par Fidel Castro à Cuba (année)1959
44%
Début de la construction du mur de Berlin (mois et année)août 1961
44%
Mort de Staline (mois et année)Mars 1953
44%
Création du Kominform (année)1947
42%
Dissolution de l'URSS par M. Gorbatchev (jour, mois et année)25 décembre 1991
42%
Intégration de la RFA dans l'OTAN (année)1955
41%
Lancement de l'Ostpolitik par W. Brandt (année)1969
41%
Révolution Iranienne (année)1979
41%
Affaire du Watergate (année)1972
40%
Discours dans l'université de Fulton par W. Churchill (mois et année)Mars 1946
39%
Création de l'Organisation européenne de coopération économique (année)1948
38%
Accords de Yalta (mois et année)Février 1945
38%
Printemps de Prague (année)1968
37%
Accords d'Helsinki (année(s))1973/1975
37%
Doctrine Truman (mois et année)Mars 1947
37%
Création Israël (jour, mois et année)14 mai 1948
36%
La France sort de l'OTAN (année)1966
36%
Visite de R. Nixon en Chine (année)1972
36%
Début de la Guerre du golfe (année)1990
36%
Conférence de Bandung (mois et année)Avril 1955
36%
Traité de non prolifération nucléaire (TNP) (année)1968
34%
Invasion soviétique de l'Afghanistan (années)1979-1989
34%
Fondation de la République Populaire de Chine par Mao (mois et année)octobre 1949
34%
Boycott américain des JO de Moscou (année)1980
32%
Soulèvement en Hongrie (année)1956
31%
Mort de Mao Zedong (année)1976
31%
Doctrine Jdanov (mois et année)Septembre 1947
31%
Accords SALT 1 (année)1972
30%
Mort de Brejnev (année)1982
30%
1ère Guerre Israelo-arabe (années)1948-1949
29%
Accords de Genève (fin de la Guerre d'Indochine) (mois et année)Juillet 1954
29%
Plan Marshall (mois et année)Juin 1947
29%
Lancement de l'Initiative de Défense Stratégique (IDS) par R. Reagan (année)1981
28%
Guerre du Kippour (mois et année)Octobre 1973
28%
Guerre des six jours (mois et année)Juin 1967
25%
Traité de Rome (création CEE) (mois et année)Mars 1957
25%
Rupture sino-soviétique (année)1960
24%
Offensive du Têt (tournant dans la Guerre du Vietnam) (année)1968
24%
Accords de Bretton Woods (mois et année)Juillet 1944
24%
Accords Salt 2 (année)1979
23%
Création OTASE (Asie du Sud-est) (année)1954
22%
Blocus de Berlin (mois et années)Juin 1948-Mai 1949
22%
Première Intifada (année)1987
21%
Coup de Prague (mois et année)Février 1948
21%
Soulèvement à Prague (Tchécoslovaquie) (année)1956
19%
Le premier Homme sur la Lune (jour, mois et année)21 juillet 1969
19%
Accords de Paris (année)1973
18%
Ouverture du XXème Congrès du PCUS (mois et année)Février 1956
17%
Incidents frontaliers à la frontière sino-soviétique (année)1969
16%
Lancement de la perestroïka (mois et année)Avril 1985
16%
La France détient l'arme nucléaire (mois et année)Février 1960
15%
Opération AJAX (opération menée par la CIA pour renverser M. Mossadegh en Iran) (année)1953
14%
Crise des euromissiles (années)1977-1987
14%
Traité ANZUS (Nouvelle-Zélande, Australie et Etats-Unis) (année)1951
13%
Accords de Camp David (mois et année)Septembre 1978
13%
Signature des accords Start 1 (année)1991
11%
Révolution de Velours en Tchécoslovaquie (mois et année)Novembre 1989
10%

Distribution des résultats

Percentile par nombre de réponses

% des personnes avec chaque résultat

Votre développement - résultats

Vous n’avez pas pris ce quiz depuis la dernière actualisation